Sổ tay chọn, bảo quản và kiểm nghiệm giống cây trồng ở cơ sở sản xuất
Đã lưu trong:
| Tác giả chính: | |
|---|---|
| Định dạng: | Sách |
| Ngôn ngữ: | Undetermined |
| Được phát hành: |
Tp. HCM
Nxb. Tp. HCM
1978
|
| Những chủ đề: | |
| Các nhãn: |
Thêm thẻ
Không có thẻ, Là người đầu tiên thẻ bản ghi này!
|
| Thư viện lưu trữ: | Trung tâm Học liệu Trường Đại học Cần Thơ |
|---|
| LEADER | 00623nam a2200181Ia 4500 | ||
|---|---|---|---|
| 001 | CTU_12622 | ||
| 008 | 210402s9999 xx 000 0 und d | ||
| 082 | |a 631.53 | ||
| 082 | |b V305 | ||
| 100 | |a Lâm Thế Viễn | ||
| 245 | 0 | |a Sổ tay chọn, bảo quản và kiểm nghiệm giống cây trồng ở cơ sở sản xuất | |
| 245 | 0 | |c Lâm Thế Viễn | |
| 260 | |a Tp. HCM | ||
| 260 | |b Nxb. Tp. HCM | ||
| 260 | |c 1978 | ||
| 650 | |a plants - collection and preservation,selection ( plant breeding ) | ||
| 904 | |i Minh, 961116 | ||
| 980 | |a Trung tâm Học liệu Trường Đại học Cần Thơ | ||